[Event "Muscat zt 3.1"]
[Site "Muscat"]
[Date "2015.05.21"]
[Round "6"]
[White "Chahrour, Ibrahim"]
[Black "Idani, Pouya"]
[Result "0-1"]
[WhiteElo "2269"]
[BlackElo "2526"]
[PlyCount "104"]
[EventDate "2015.05.17"]
[EventType "swiss"]
[EventRounds "9"]
[EventCountry "OMN"]
[SourceTitle "CBM 166 Extra"]
[Source "ChessBase"]
[SourceDate "2015.06.18"]
[SourceVersion "1"]
[SourceVersionDate "2015.06.18"]
[SourceQuality "1"]

1. e4 g6 2. d4 Bg7 3. Nc3 c6 4. Be3 d6 5. Qd2 b5 6. h4 h5 7. Nh3 Bxh3 8. Rxh3 Nf6 9. f3 Nbd7 10. 0-0-0 Qc7 11. Bd3 b4 12. Ne2 Rb8 13. Kb1 c5 14. c4 bxc3 15. Nxc3 0-0 16. Rc1 Qb7 17. Rc2 Rfc8 18. Rh1 Qb4 19. Be2 cxd4 20. Qxd4 Qxd4 21. Bxd4 Nxe4 22. Bxg7 Ng3 23. Re1 Kxg7 24. Bb5 Nc5 25. Rxe7 Nf5 26. Rxa7 Nd4 27. Bc4 Nb7 28. Ba6 Nxc2 29. Kxc2 Rc7 30. a4 d5 31. Rxb7 Rbxb7 32. Bxb7 d4 33. Ba6 Kf6 34. Kb3 dxc3 35. bxc3 Ke5 36. g3 Kd6 37. Kc2 f5 38. Kd2 Ke5 39. Bd3 g5 40. hxg5 f4 41. gxf4+ Kxf4 42. g6 Rc5 43. c4 Rg5 44. Kc3 h4 45. Bf1 Rxg6 46. Kb4 Rg1 47. Bh3 Rg3 48. Bd7 Ke5 49. Kc5 Rxf3 50. Bc6 Rf8 51. Kb6 Rf6 52. c5 h3 0-1

[Event "Muscat zt 3.1"]
[Site "Muscat"]
[Date "2015.05.21"]
[Round "5"]
[White "Tamra, Attallah"]
[Black "Chahrour, Ibrahim"]
[Result "0-1"]
[WhiteElo "2080"]
[BlackElo "2269"]
[PlyCount "44"]
[EventDate "2015.05.17"]
[EventType "swiss"]
[EventRounds "9"]
[EventCountry "OMN"]
[SourceTitle "CBM 166 Extra"]
[Source "ChessBase"]
[SourceDate "2015.06.18"]
[SourceVersion "1"]
[SourceVersionDate "2015.06.18"]
[SourceQuality "1"]

1. Nf3 d6 2. d4 Nf6 3. g3 Bf5 4. c4 c6 5. Nc3 Nbd7 6. Bg2 e5 7. 0-0 Be7 8. Re1 0-0 9. e4 Bg6 10. Nh4 Bh5 11. f3 exd4 12. Qxd4 d5 13. Be3 c5 14. Qd2 d4 15. Bf4 dxc3 16. Qxc3 Ne8 17. Rad1 Bxh4 18. Bh3 f5 19. gxh4 Qxh4 20. Bxf5 Qxf4 21. Rxd7 Bxf3 22. Qe3 Rxf5 0-1

[Event "Muscat zt 3.1"]
[Site "Muscat"]
[Date "2015.05.17"]
[Round "1"]
[White "Chahrour, Ibrahim"]
[Black "Ghaem Maghami, Ehsan"]
[Result "0-1"]
[WhiteElo "2269"]
[BlackElo "2558"]
[PlyCount "58"]
[EventDate "2015.05.17"]
[EventType "swiss"]
[EventRounds "9"]
[EventCountry "OMN"]
[SourceTitle "CBM 166 Extra"]
[Source "ChessBase"]
[SourceDate "2015.06.18"]
[SourceVersion "1"]
[SourceVersionDate "2015.06.18"]
[SourceQuality "1"]

1. e4 c5 2. Nf3 d6 3. d4 cxd4 4. Nxd4 Nf6 5. Nc3 a6 6. Be3 e5 7. Nb3 Be7 8. Qd2 Be6 9. 0-0-0 Nbd7 10. f4 b5 11. f5 Bc4 12. Kb1 Rc8 13. Bd3 0-0 14. h3 b4 15. Ne2 a5 16. g4 a4 17. Nbc1 Bxd3 18. Qxd3 Qc7 19. g5 Nh5 20. Rhg1 Rfd8 21. f6 Bf8 22. Ng3 Nxg3 23. Rxg3 d5 24. Rg2 d4 25. Bg1 Nc5 26. Qf3 Qc6 27. Re2 b3 28. Nd3 Nxe4 29. Nxe5 bxc2+ 0-1

[Event "Beirut Lasker Memoral-A"]
[Site "Beirut"]
[Date "2015.01.27"]
[Round "6"]
[White "Chahrour, Ibrahim"]
[Black "El Jawich, Amro"]
[Result "1-0"]
[WhiteElo "2259"]
[BlackElo "2198"]
[PlyCount "107"]
[EventDate "2015.01.21"]
[EventType "tourn"]
[EventRounds "10"]
[EventCountry "LBN"]
[SourceTitle "EXT 2018"]
[Source "ChessBase"]
[SourceDate "2017.10.13"]
[SourceVersion "1"]
[SourceVersionDate "2017.10.13"]
[SourceQuality "1"]

1. e4 c5 2. Nf3 d6 3. d4 cxd4 4. Nxd4 Nf6 5. Nc3 a6 6. Bg5 Nbd7 7. Bc4 h6 8. Be3 e6 9. f3 b5 10. Bb3 Bb7 11. Qd2 Rc8 12. 0-0-0 Ne5 13. g4 Nc4 14. Bxc4 Rxc4 15. h4 g6 16. g5 hxg5 17. hxg5 Rxh1 18. Rxh1 Nh5 19. Nb3 Bg7 20. Ne2 b4 21. Bd4 Bxd4 22. Nbxd4 Qb6 23. Rd1 a5 24. Kb1 e5 25. Nb3 a4 26. Nbc1 Ke7 27. b3 axb3 28. cxb3 Rc5 29. Nd3 Rb5 30. Rc1 Ng7 31. Rc4 Ne6 32. Nxb4 Qf2 33. Nd3 Qxf3 34. Nc3 Rb6 35. Nb4 Kf8 36. Ncd5 Bxd5 37. exd5 Nc5 38. Kb2 Kg7 39. Qc3 Qe2+ 40. Qc2 Qf1 41. a4 Qe1 42. Qc3 Qf2+ 43. Qc2 Qe1 44. Qc3 Qe2+ 45. Qc2 Qe1 46. Nd3 Nxd3+ 47. Qxd3 Qf2+ 48. Rc2 Qf4 49. a5 Rb8 50. Qd2 Qe4 51. Rc6 Rb4 52. a6 Rd4 53. Qh2 Kf8 54. Qh8+ 1-0

[Event "Arab-ch U20"]
[Site "Abu Dhabi"]
[Date "2015.01.06"]
[Round "3"]
[White "Ahmad, Al Khatib"]
[Black "Chahrour, Ibrahim"]
[Result "1/2-1/2"]
[WhiteElo "2160"]
[BlackElo "2259"]
[PlyCount "110"]
[EventDate "2015.01.04"]
[EventType "swiss"]
[EventRounds "9"]
[EventCountry "UAE"]
[SourceTitle "CBM 164 Extra"]
[Source "ChessBase"]
[SourceDate "2015.03.02"]
[SourceVersion "1"]
[SourceVersionDate "2015.03.02"]
[SourceQuality "1"]

1. Nf3 g6 2. d4 Nf6 3. Bg5 Bg7 4. e3 d6 5. Bd3 c5 6. 0-0 Nbd7 7. c3 b6 8. Nbd2 Bb7 9. e4 h6 10. Bh4 g5 11. Bg3 Nh5 12. Qe2 Qc7 13. a4 e5 14. dxe5 dxe5 15. Nc4 0-0 16. Ne3 Nf4 17. Bxf4 exf4 18. Nf5 Rfe8 19. h4 Ne5 20. Nxe5 Qxe5 21. hxg5 hxg5 22. Qh5 Qf6 23. Rfe1 Rad8 24. Rad1 Qg6 25. Ne7+ Rxe7 26. Qxg6 fxg6 27. Bc4+ Bd5 28. Bxd5+ Kf8 29. Bc6 Rc8 30. Bb5 Be5 31. Rd5 Kg7 32. Red1 Kf6 33. Rd7 Rxd7 34. Rxd7 Rc7 35. Rd8 g4 36. Bc4 Re7 37. Bd5 Kg5 38. Rc8 Rc7 39. Re8 Bf6 40. Re6 Re7 41. Rc6 f3 42. a5 fxg2 43. axb6 axb6 44. Kxg2 Be5 45. Rxb6 Rh7 46. Re6 Bf4 47. Rc6 Rh2+ 48. Kg1 g3 49. fxg3 Bxg3 50. Bf7 Rxb2 51. Rxg6+ Kf4 52. e5 Rb1+ 53. Kg2 Rb2+ 54. Kf1 Rb1+ 55. Ke2 Re1+ 1/2-1/2

[Event "Arab-ch U20"]
[Site "Abu Dhabi"]
[Date "2015.01.05"]
[Round "2"]
[White "Meftahi, Houssem"]
[Black "Chahrour, Ibrahim"]
[Result "1/2-1/2"]
[WhiteElo "2026"]
[BlackElo "2259"]
[PlyCount "79"]
[EventDate "2015.01.04"]
[EventType "swiss"]
[EventRounds "9"]
[EventCountry "UAE"]
[SourceTitle "CBM 164 Extra"]
[Source "ChessBase"]
[SourceDate "2015.03.02"]
[SourceVersion "1"]
[SourceVersionDate "2015.03.02"]
[SourceQuality "1"]

1. e4 Nc6 2. Nc3 e6 3. d4 Bb4 4. Nf3 d6 5. Bd3 Nge7 6. Bd2 e5 7. dxe5 dxe5 8. Bc4 0-0 9. Nd5 Bd6 10. Bg5 h6 11. Bh4 Qe8 12. Qd2 Nxd5 13. Bxd5 Ne7 14. Bxe7 Qxe7 15. 0-0 c6 16. Bb3 Bc7 17. h3 Qf6 18. Qe2 g5 19. Nh2 Qg6 20. Rfd1 Kg7 21. g4 Rh8 22. Nf1 h5 23. Ng3 hxg4 24. hxg4 Rh4 25. Nf5+ Bxf5 26. exf5 Qh6 27. Qf3 e4 28. Qxe4 Re8 29. f6+ Kf8 30. Qf3 Bh2+ 31. Kf1 Bf4 32. Kg1 Bh2+ 33. Kf1 Bf4 34. Kg1 Qxf6 35. Rd7 Re7 36. Rad1 Qe5 37. Rxe7 Qxe7 38. Bc4 Kg7 39. Bd3 Rh6 40. Bf5 1/2-1/2

[Event "Sharjah op"]
[Site "Sharjah"]
[Date "2014.11.23"]
[Round "9"]
[White "Isaev, Jamshed"]
[Black "Chahrour, Ibrahim"]
[Result "0-1"]
[WhiteElo "2323"]
[BlackElo "2217"]
[PlyCount "29"]
[EventDate "2014.11.15"]
[EventType "swiss"]
[EventRounds "9"]
[EventCountry "UAE"]
[SourceTitle "CBM 163 Extra"]
[Source "ChessBase"]
[SourceDate "2014.12.23"]
[SourceVersion "1"]
[SourceVersionDate "2014.12.23"]
[SourceQuality "1"]

1. e4 d5 2. exd5 Nf6 3. d4 Bg4 4. Nf3 Qxd5 5. Be2 Nc6 6. c4 Qf5 7. Be3 0-0-0 8. Nc3 e5 9. d5 e4 10. Nd4 Nxd4 11. Bxd4 Bd6 12. h3 Bxe2 13. Qxe2 Rhe8 14. 0-0-0 a6 15. a4 0-1

[Event "Sharjah op"]
[Site "Sharjah"]
[Date "2014.11.18"]
[Round "4"]
[White "Barsov, Alexei"]
[Black "Chahrour, Ibrahim"]
[Result "1-0"]
[WhiteElo "2473"]
[BlackElo "2217"]
[PlyCount "51"]
[EventDate "2014.11.15"]
[EventType "swiss"]
[EventRounds "9"]
[EventCountry "UAE"]
[SourceTitle "CBM 163 Extra"]
[Source "ChessBase"]
[SourceDate "2014.12.23"]
[SourceVersion "1"]
[SourceVersionDate "2014.12.23"]
[SourceQuality "1"]

1. d4 Nf6 2. Nf3 g6 3. c4 Bg7 4. g3 0-0 5. Bg2 d6 6. 0-0 Nc6 7. Nc3 Bg4 8. Be3 e5 9. dxe5 dxe5 10. h3 Be6 11. b3 Qe7 12. Qc1 Rad8 13. Bg5 Nd4 14. Kh2 Nxf3+ 15. Bxf3 c6 16. Qe3 a6 17. Rad1 Bc8 18. Ne4 Bf5 19. Qc5 Qe6 20. Rxd8 Rxd8 21. Qb6 Rd4 22. Nc5 Qe7 23. Nxb7 Qa3 24. Be3 Rd7 25. Bxc6 Qe7 26. Bxd7 1-0

[Event "Olympiad-41"]
[Site "Tromsoe"]
[Date "2014.08.11"]
[Round "9.3"]
[White "Ker, Anthony F"]
[Black "Chahrour, Ibrahim"]
[Result "1/2-1/2"]
[WhiteElo "2316"]
[BlackElo "2170"]
[PlyCount "98"]
[EventDate "2014.08.02"]
[EventType "team-swiss"]
[EventRounds "11"]
[EventCountry "NOR"]
[SourceTitle "CBM 162"]
[Source "ChessBase"]
[SourceDate "2014.09.17"]
[SourceVersion "1"]
[SourceVersionDate "2014.09.17"]
[SourceQuality "1"]
[WhiteTeam "New Zealand"]
[BlackTeam "Lebanon"]
[WhiteTeamCountry "NZL"]
[BlackTeamCountry "LBN"]

1. e4 g6 2. d4 Bg7 3. Nc3 d6 4. Bg5 c6 5. Qd2 b5 6. Nf3 Nf6 7. Bd3 0-0 8. Bh6 a6 9. h4 Bxh6 10. Qxh6 Ng4 11. Qf4 e5 12. dxe5 dxe5 13. Qg3 Qf6 14. h5 g5 15. Nd2 Be6 16. Nf1 Nd7 17. f3 Nh6 18. Qf2 Qe7 19. g4 f6 20. Ne3 Rfd8 21. 0-0 Nc5 22. Be2 Bf7 23. a3 Rd4 24. Rfd1 Rad8 25. Bf1 Ne6 26. Ne2 Rxd1 27. Rxd1 Rxd1 28. Nxd1 Qd6 29. Ne3 Nf4 30. Ng3 Be6 31. c3 c5 32. Qc2 c4 33. Qd1 Qb6 34. Qd2 Kf8 35. Kh1 Ke7 36. Ng2 Nxg2 37. Kxg2 Nf7 38. Qf2 Qxf2+ 39. Kxf2 Kd6 40. Ke3 Kc5 41. Be2 h6 42. Bd1 a5 43. Kd2 Nd8 44. Nf1 Nb7 45. Ne3 Nd6 46. Bc2 Nc8 47. Bd1 Ne7 48. Nc2 Nc6 49. Ke3 Ne7 1/2-1/2

[Event "Olympiad-41"]
[Site "Tromsoe"]
[Date "2014.08.04"]
[Round "3.4"]
[White "Gengler, Pierre"]
[Black "Chahrour, Ibrahim"]
[Result "1/2-1/2"]
[WhiteElo "2173"]
[BlackElo "2170"]
[PlyCount "117"]
[EventDate "2014.08.02"]
[EventType "team-swiss"]
[EventRounds "11"]
[EventCountry "NOR"]
[SourceTitle "CBM 162"]
[Source "ChessBase"]
[SourceDate "2014.09.17"]
[SourceVersion "1"]
[SourceVersionDate "2014.09.17"]
[SourceQuality "1"]
[WhiteTeam "Luxembourg"]
[BlackTeam "Lebanon"]
[WhiteTeamCountry "LUX"]
[BlackTeamCountry "LBN"]

1. e4 d6 2. d4 Nf6 3. Nc3 g6 4. Be3 c6 5. h3 b5 6. e5 Nfd7 7. exd6 e6 8. d5 cxd5 9. Nxb5 Na6 10. Qd4 Rg8 11. Qa4 Bg7 12. Nf3 Kf8 13. Be2 Nb6 14. Qa5 Bb7 15. Nxa7 Nc4 16. Qxd8+ Rxd8 17. Bxc4 dxc4 18. 0-0-0 Bd5 19. Nb5 Ke8 20. Rhe1 Kd7 21. a4 Ra8 22. Bb6 Kc6 23. Bd4 f6 24. Be3 Nb4 25. Nfd4+ Kd7 26. b3 Rgc8 27. Bd2 cxb3 28. Bxb4 bxc2 29. Nxc2 Rxa4 30. Rxd5 Rxb4 31. Nba3 exd5 32. Re7+ Kxd6 33. Rxg7 Rb3 34. Ra7 Rc7 35. Rxc7 Kxc7 36. Nb1 Kd6 37. Nd2 Rb7 38. Nf3 Ra7 39. Nfd4 Ra8 40. Kd2 Re8 41. Kd3 Ra8 42. Ne2 Ra2 43. f3 Ra8 44. Nc3 Kc5 45. Nd4 Re8 46. Nb3+ Kd6 47. Nb5+ Kc6 48. N5d4+ Kd6 49. Nc2 Rb8 50. Nd2 Rb7 51. Nd4 Rb8 52. Nf1 Ra8 53. Nc2 Kc5 54. Nfe3 Rb8 55. Nd4 Ra8 56. Ndc2 Rb8 57. Nd4 Ra8 58. Ndc2 Rb8 59. Nd4 1/2-1/2

[Event "Olympiad-41"]
[Site "Tromsoe"]
[Date "2014.08.02"]
[Round "1.4"]
[White "Chahrour, Ibrahim"]
[Black "Cutipa, Elfer"]
[Result "1-0"]
[WhiteElo "2170"]
[BlackElo "2117"]
[PlyCount "95"]
[EventDate "2014.08.02"]
[EventType "team-swiss"]
[EventRounds "11"]
[EventCountry "NOR"]
[SourceTitle "CBM 162"]
[Source "ChessBase"]
[SourceDate "2014.09.17"]
[SourceVersion "1"]
[SourceVersionDate "2014.09.17"]
[SourceQuality "1"]
[WhiteTeam "Lebanon"]
[BlackTeam "Peru"]
[WhiteTeamCountry "LBN"]
[BlackTeamCountry "PER"]

1. e4 e5 2. Nf3 d6 3. d4 exd4 4. Nxd4 Nf6 5. Nc3 Be7 6. Be2 0-0 7. Be3 Re8 8. Qd2 Bf8 9. Bf3 Nbd7 10. Nde2 Ne5 11. b3 c6 12. 0-0-0 b5 13. Ng3 Be6 14. Be2 Qa5 15. Kb1 b4 16. Na4 d5 17. f4 Nc4 18. bxc4 dxc4 19. f5 c3 20. Qd3 Bxa2+ 21. Kxa2 Qxa4+ 22. Kb1 Nd5 23. exd5 Rxe3 24. Qa6 Qa3 25. Qxa3 bxa3 26. d6 Rd8 27. d7 Re7 28. Rd3 Rdxd7 29. Rhd1 Rb7+ 30. Ka1 g6 31. Rd8 Kg7 32. f6+ Kxf6 33. Rxf8 Kg7 34. Rc8 f5 35. Bd3 a2 36. Rxc6 Rb2 37. Rxc3 Reb7 38. Rb3 R2xb3 39. cxb3 Rxb3 40. Kxa2 Rb7 41. Rb1 Rd7 42. Rb3 h5 43. Kb2 Kf6 44. Kc2 Rd5 45. Rb5 Rd4 46. Nxh5+ gxh5 47. Rxf5+ Ke6 48. Rxh5 1-0

[Event "LIB-ch 40th"]
[Site "Beirut"]
[Date "2014.06.23"]
[Round "8.2"]
[White "El Jawich, Amro"]
[Black "Chahrour, Ibrahim"]
[Result "1/2-1/2"]
[WhiteElo "2171"]
[BlackElo "2133"]
[PlyCount "80"]
[EventDate "2014.06.14"]
[EventType "tourn"]
[EventRounds "11"]
[EventCountry "LBN"]
[SourceTitle "EXT 2016"]
[Source "ChessBase"]
[SourceDate "2015.10.08"]
[SourceVersion "1"]
[SourceVersionDate "2015.10.08"]
[SourceQuality "1"]

1. e4 Nc6 2. Nf3 Nf6 3. d3 e5 4. g3 Bc5 5. Bg2 d6 6. c3 a5 7. h3 h6 8. 0-0 Qe7 9. Qe2 Nh7 10. Be3 Ng5 11. Kh2 Nxf3+ 12. Bxf3 h5 13. Nd2 h4 14. g4 g5 15. Bxc5 dxc5 16. Nc4 b6 17. Ne3 Ba6 18. Nd5 Qd6 19. Qe3 f6 20. Bd1 Ne7 21. Bb3 Rd8 22. Nxe7 Kxe7 23. Rfd1 c6 24. Kg1 Rd7 25. Qf3 Kd8 26. a4 Kc7 27. Bc4 Bc8 28. Qe3 Rhd8 29. Rdc1 Re7 30. b4 cxb4 31. cxb4 axb4 32. a5 c5 33. Bd5 Bb7 34. axb6+ Kxb6 35. Rab1 Bxd5 36. Rxb4+ Kc6 37. exd5+ Kxd5 38. Rb5 Ke6 39. Rc3 Rc7 40. Qe4 Kf7 1/2-1/2

[Event "Francophone op 2nd"]
[Site "Beirut"]
[Date "2014.06.06"]
[Round "8"]
[White "Chahrour, Ibrahim"]
[Black "Bouaziz, Slim"]
[Result "1-0"]
[WhiteElo "2117"]
[BlackElo "2338"]
[PlyCount "90"]
[EventDate "2014.05.31"]
[EventType "swiss"]
[EventRounds "9"]
[EventCountry "LBN"]
[SourceTitle "EXT 2015"]
[Source "ChessBase"]
[SourceDate "2014.11.20"]
[SourceVersion "1"]
[SourceVersionDate "2014.11.20"]
[SourceQuality "1"]

1. e4 Nf6 2. e5 Nd5 3. d4 d6 4. c4 Nb6 5. exd6 exd6 6. Nc3 Be7 7. Bd3 Nc6 8. Nge2 Bg4 9. Be3 0-0 10. 0-0 Nb4 11. b3 Nxd3 12. Qxd3 c6 13. f3 Bh5 14. Nf4 Bg6 15. Nxg6 hxg6 16. d5 c5 17. Rae1 Qd7 18. Re2 Rfe8 19. Rfe1 Rad8 20. Ne4 Nc8 21. Bc1 Bf8 22. Bb2 Ne7 23. g4 Kh8 24. Qe3 Ng8 25. Qf4 Rxe4 26. Rxe4 Kh7 27. g5 Ne7 28. Qxf7 Nf5 29. Qe6 Be7 30. h4 Qxe6 31. Rxe6 Rd7 32. R1e4 Bf8 33. Rf4 Re7 34. Rxe7 Bxe7 35. Kh2 Kg8 36. Kh3 Bf8 37. Re4 Kf7 38. Kg4 Ne7 39. Rf4+ Ke8 40. h5 gxh5+ 41. Kxh5 g6+ 42. Kg4 Ng8 43. Re4+ Kf7 44. Re6 Be7 45. f4 Bf8 1-0

[Event "Francophone op 2nd"]
[Site "Beirut"]
[Date "2014.06.03"]
[Round "5"]
[White "Khairallah, Faisal"]
[Black "Chahrour, Ibrahim"]
[Result "1-0"]
[WhiteElo "2246"]
[BlackElo "2117"]
[PlyCount "55"]
[EventDate "2014.05.31"]
[EventType "swiss"]
[EventRounds "9"]
[EventCountry "LBN"]
[SourceTitle "EXT 2015"]
[Source "ChessBase"]
[SourceDate "2014.11.20"]
[SourceVersion "1"]
[SourceVersionDate "2014.11.20"]
[SourceQuality "1"]

1. d4 g6 2. e4 Bg7 3. Nc3 c6 4. f4 d5 5. e5 Nh6 6. Nf3 Bg4 7. Be3 Nd7 8. h3 Nf5 9. Bf2 Bxf3 10. Qxf3 e6 11. g4 Nh6 12. 0-0-0 b5 13. Kb1 Nb6 14. Ne2 Nc4 15. h4 Bf8 16. Nc1 a5 17. Nd3 Qc7 18. h5 Nb6 19. Nc5 Bg7 20. hxg6 hxg6 21. Bh4 Nd7 22. Nd3 Ng8 23. f5 gxf5 24. gxf5 exf5 25. Qxf5 Nf8 26. Nf4 Ne7 27. Qg4 Neg6 28. Nxd5 1-0

[Event "Asian Continental op 13th"]
[Site "Sharjah"]
[Date "2014.04.23"]
[Round "7"]
[White "Xu, Yinglun"]
[Black "Chahrour, Ibrahim"]
[Result "1-0"]
[WhiteElo "2381"]
[BlackElo "2079"]
[PlyCount "75"]
[EventDate "2014.04.17"]
[EventType "swiss"]
[EventRounds "9"]
[EventCountry "UAE"]
[SourceTitle "CBM 160"]
[Source "ChessBase"]
[SourceDate "2014.05.15"]
[SourceVersion "1"]
[SourceVersionDate "2014.05.15"]
[SourceQuality "1"]

1. d4 Nf6 2. c4 g6 3. Nc3 Bg7 4. e4 d6 5. Be2 0-0 6. Nf3 e5 7. Be3 Ng4 8. Bg5 f6 9. Bh4 g5 10. Bg3 Nc6 11. d5 Ne7 12. h3 Nh6 13. Qd2 Ng6 14. 0-0-0 Nf7 15. Kb1 f5 16. exf5 Bxf5+ 17. Bd3 Qf6 18. Ne4 Bxe4 19. Bxe4 Nf4 20. h4 h6 21. Qc2 g4 22. Nh2 h5 23. Rdf1 Nh6 24. f3 gxf3 25. Rxf3 Ng4 26. Be1 Nxh2 27. Rxh2 Qe7 28. Rb3 c6 29. g3 cxd5 30. cxd5 Rac8 31. Rc3 Rxc3 32. bxc3 Qc7 33. gxf4 Rxf4 34. Re2 Rf1 35. Qa4 Qb6+ 36. Kc2 Qg1 37. Qe8+ Rf8 38. Qxh5 1-0

[Event "Asian Continental op 13th"]
[Site "Sharjah"]
[Date "2014.04.22"]
[Round "6"]
[White "Chahrour, Ibrahim"]
[Black "Najjar, Ahmad"]
[Result "1-0"]
[WhiteElo "2079"]
[BlackElo "2261"]
[PlyCount "76"]
[EventDate "2014.04.17"]
[EventType "swiss"]
[EventRounds "9"]
[EventCountry "UAE"]
[SourceTitle "CBM 160"]
[Source "ChessBase"]
[SourceDate "2014.05.15"]
[SourceVersion "1"]
[SourceVersionDate "2014.05.15"]
[SourceQuality "1"]

1. e4 e6 2. d4 d5 3. Nc3 a6 4. Nf3 Nf6 5. Bd3 Nc6 6. a3 Be7 7. e5 Nd7 8. Qe2 b6 9. h4 Bb7 10. Rh3 Qc8 11. Be3 Nd8 12. Nd1 c5 13. c3 a5 14. Qc2 Ba6 15. Bxh7 cxd4 16. Bxd4 Rxh7 17. Qxh7 Qc4 18. Qc2 Qf1+ 19. Kd2 Nc6 20. Rb1 Nc5 21. Bxc5 Bxc5 22. b4 axb4 23. cxb4 Bc4 24. bxc5 Rxa3 25. Rh1 Rd3+ 26. Kc1 Qxh1 27. cxb6 Rxf3 28. gxf3 Qxf3 29. Qa4 Qf4+ 30. Ne3 Kd7 31. b7 Qxe5 32. b8N+ Kc8 33. Qxc6+ Qc7 34. Qxc7+ Kxc7 35. Nxc4 dxc4 36. Kc2 Kd6 37. Kc3 Ke5 38. Rb7 Kd5 1-0

[Event "Asian Continental op 13th"]
[Site "Sharjah"]
[Date "2014.04.21"]
[Round "5"]
[White "Ayyad, Maher"]
[Black "Chahrour, Ibrahim"]
[Result "1/2-1/2"]
[WhiteElo "2161"]
[BlackElo "2079"]
[PlyCount "68"]
[EventDate "2014.04.17"]
[EventType "swiss"]
[EventRounds "9"]
[EventCountry "UAE"]
[SourceTitle "CBM 160"]
[Source "ChessBase"]
[SourceDate "2014.05.15"]
[SourceVersion "1"]
[SourceVersionDate "2014.05.15"]
[SourceQuality "1"]

1. d4 Nf6 2. Nf3 g6 3. c4 Bg7 4. Nc3 d6 5. e4 0-0 6. Be2 e5 7. 0-0 Nc6 8. d5 Ne7 9. b4 Nh5 10. Re1 f5 11. Ng5 Nf6 12. Bf3 h6 13. Ne6 Bxe6 14. dxe6 c6 15. Ba3 Qc7 16. Qb3 fxe4 17. Bxe4 Nf5 18. Bxf5 gxf5 19. b5 Rfe8 20. Rad1 Rad8 21. b6 axb6 22. c5 dxc5 23. Rd7 Nxd7 24. exd7+ Kh8 25. dxe8R+ Rxe8 26. Na4 Ra8 27. Bb2 c4 28. Qxb6 Qxb6 29. Nxb6 Rxa2 30. Ba1 Rc2 31. f3 c3 32. Kf1 e4 33. fxe4 Bd4 34. Re2 Rc1+ 1/2-1/2

[Event "Asian Continental op 13th"]
[Site "Sharjah"]
[Date "2014.04.20"]
[Round "4"]
[White "Chahrour, Ibrahim"]
[Black "Akshat, Khamparia"]
[Result "0-1"]
[WhiteElo "2079"]
[BlackElo "2374"]
[PlyCount "94"]
[EventDate "2014.04.17"]
[EventType "swiss"]
[EventRounds "9"]
[EventCountry "UAE"]
[SourceTitle "CBM 160"]
[Source "ChessBase"]
[SourceDate "2014.05.15"]
[SourceVersion "1"]
[SourceVersionDate "2014.05.15"]
[SourceQuality "1"]

1. e4 c5 2. c3 g6 3. d4 cxd4 4. cxd4 d5 5. exd5 Nf6 6. Nc3 Bg7 7. Bc4 0-0 8. Nf3 Nbd7 9. 0-0 Nb6 10. Bb3 Nbxd5 11. Re1 b6 12. Ne5 Bb7 13. Bg5 h6 14. Bxf6 Bxf6 15. Qf3 e6 16. Nxg6 fxg6 17. Rxe6 Bg7 18. Bxd5 Rxf3 19. Re8+ Kh7 20. Rxd8 Rxd8 21. Bxf3 Bxf3 22. gxf3 Rxd4 23. Re1 Rd7 24. Re2 g5 25. Ne4 a5 26. b3 b5 27. Nc5 Rd5 28. Ne6 Re5 29. Nf8+ Kg8 30. Rxe5 Bxe5 31. Nd7 Bd4 32. Nb8 Kf7 33. Nc6 Bb6 34. Ne5+ Ke6 35. Ng4 Kd5 36. Kf1 Kd4 37. Ke2 Kc3 38. Nf6 Kb2 39. Kd3 Kxa2 40. Kc2 Bxf2 41. Ne4 Bd4 42. Ng3 b4 43. Ne4 Be3 44. Kd3 Bf4 45. Kc4 Bxh2 46. Nc5 Bc7 47. Kd5 Bb6 0-1

[Event "Asian Continental op 13th"]
[Site "Sharjah"]
[Date "2014.04.19"]
[Round "3"]
[White "Kunte, Abhijit"]
[Black "Chahrour, Ibrahim"]
[Result "1-0"]
[WhiteElo "2470"]
[BlackElo "2079"]
[PlyCount "73"]
[EventDate "2014.04.17"]
[EventType "swiss"]
[EventRounds "9"]
[EventCountry "UAE"]
[SourceTitle "CBM 160"]
[Source "ChessBase"]
[SourceDate "2014.05.15"]
[SourceVersion "1"]
[SourceVersionDate "2014.05.15"]
[SourceQuality "1"]

1. d4 d6 2. Nf3 Bg4 3. c4 Bxf3 4. exf3 Nd7 5. Qb3 Rb8 6. Nc3 e6 7. f4 Ne7 8. d5 g6 9. Be3 b6 10. dxe6 fxe6 11. c5 Nxc5 12. Bxc5 bxc5 13. Qxe6 Qd7 14. Qf6 Rg8 15. Bc4 Rg7 16. 0-0-0 Qf5 17. Bb5+ Rxb5 18. Qxf5 Nxf5 19. Nxb5 c6 20. Rhe1+ Kd8 21. Nc3 d5 22. Ne4 h6 23. Nf6 Be7 24. Ng4 Bd6 25. g3 a5 26. Re6 Kc7 27. Nf6 Re7 28. Rde1 c4 29. Rxe7+ Bxe7 30. Re6 Bc5 31. Ng4 d4 32. Ne5 Nd6 33. Re7+ Kb6 34. Nd7+ Kb5 35. Re5 Nb7 36. Kc2 a4 37. a3 1-0

[Event "Arab-ch"]
[Site "Abu Dhabi"]
[Date "2013.12.15"]
[Round "9"]
[White "Al Huwar, Jasem"]
[Black "Chahrour, Ibrahim"]
[Result "1/2-1/2"]
[WhiteElo "2265"]
[BlackElo "2042"]
[PlyCount "175"]
[EventDate "2013.12.08"]
[EventType "swiss"]
[EventRounds "9"]
[EventCountry "UAE"]
[SourceTitle "CBM 157 Extra"]
[Source "ChessBase"]
[SourceDate "2013.12.19"]
[SourceVersion "1"]
[SourceVersionDate "2013.12.19"]
[SourceQuality "1"]

1. Nf3 Nc6 2. d4 d5 3. g3 Bg4 4. Bg2 Qd7 5. h3 Bxf3 6. exf3 0-0-0 7. 0-0 f5 8. c3 Nf6 9. b4 e6 10. Qa4 Kb8 11. b5 Ne7 12. Nd2 Nc8 13. Qb3 Nd6 14. a4 f4 15. g4 h5 16. Re1 Nf7 17. c4 hxg4 18. fxg4 Ng5 19. c5 Qf7 20. Re5 Ngh7 21. Nf3 Ne4 22. Rxe4 dxe4 23. Ne5 Qf6 24. Nc6+ Kc8 25. Nxa7+ Kd7 26. c6+ bxc6 27. Bxe4 Ng5 28. Bxc6+ Ke7 29. Bg2 Kf7 30. Nc6 Rd6 31. a5 Rxc6 32. bxc6 Bc5 33. Bb2 Bxd4 34. Bxd4 Qxd4 35. Rd1 Qe5 36. Rd7+ Kf6 37. Qb4 f3 38. Qd4 fxg2 39. Qxe5+ Kxe5 40. Rxc7 Nxh3+ 41. Kxg2 Nf4+ 42. Kg1 Kd6 43. Rxg7 Ra8 44. c7 Nd5 45. a6 Nxc7 46. a7 Rxa7 47. Kg2 Ra3 48. f3 e5 49. Rg8 Ne6 50. Rb8 Ke7 51. Rb5 Kf6 52. Rb6 Rc3 53. Ra6 Kf7 54. Ra7+ Rc7 55. Ra5 Kf6 56. Ra6 Re7 57. Kg3 Kg5 58. Ra5 Nf4 59. Rb5 Ng6 60. Ra5 Rf7 61. Rb5 Rf4 62. Ra5 Rd4 63. Rb5 Rd3 64. Ra5 Re3 65. Kf2 Rb3 66. Kg3 Rb4 67. Rc5 Rf4 68. Ra5 Rf6 69. Rb5 Kh6 70. Ra5 Kg7 71. Ra7+ Rf7 72. Ra5 Re7 73. Rb5 Kf6 74. Rb6+ Re6 75. Rb5 Rd6 76. Ra5 Ke6 77. Rb5 Rc6 78. Ra5 Kd6 79. Rb5 Ra6 80. Rb8 Kd5 81. Rb2 Ra3 82. Rd2+ Kc4 83. Re2 Kd4 84. Re4+ Kd5 85. Re2 Nf4 86. Rd2+ Rd3 87. Ra2 Kd4 88. Ra4+ 1/2-1/2